000 00477nam a2200169Ia 4500
003 LK-CoDNM
008 010623t1915 xxu||||| |||| 00| 1 sin d
040 _aLK-CoDNM
_dLK-CoDNM
_eLK-CoDNM
041 _asin
080 _a104 B 14
245 _aධර්මදාන සමාගම,කුරුණෑගල
246 _aDharmadana Samagama , Kurunegala (5th Annual Report)
260 _bBastian
_aColombo
_c1915
300 _b40p, 21 cm
650 _aSocities
942 _cBK
999 _c88539
_d88539